[Event "Portoroz op"]
[Site "Portoroz"]
[Date "1995.??.??"]
[Round "?"]
[White "Velickovic, Zoran"]
[Black "Podkriznik, Gregor"]
[Result "1-0"]
[WhiteElo "2300"]
[BlackElo "2240"]

1.Nf3 Nf6 2.g3 g6 3.Bg2 Bg7 4.c4 O-O 5.d4 d6 6.O-O Nbd7 7.Nc3 e5 8.h3 c6
9.e4 Qb6 10.c5 dxc5 11.dxe5 Ne8 12.e6 fxe6 13.Ng5 Ne5 14.f4 Nf7 15.Nxf7 Rxf7
16.e5 Bf8 17.h4 Ng7 18.Ne4 Nf5 19.h5 Rg7 20.Nf6+ Kh8 21.g4 c4+ 22.Kh2 Ne7
23.Be4 Nd5 24.hxg6 Be7 25.Nxh7 Ne3 26.Bxe3 Qxe3 27.Qf3 Qd4 28.Rad1 Qb6 29.Kg3 Rxh7
30.gxh7 Qxb2 31.g5  1-0

[Event "Prague Bohemians"]
[Site "Prague"]
[Date "1995.??.??"]
[Round "2"]
[White "Znamenacek, Kvetoslav"]
[Black "Kranzl, Peter"]
[Result "1-0"]
[WhiteElo "2300"]
[BlackElo "2285"]

1.c4 Nf6 2.g3 g6 3.Bg2 Bg7 4.Nf3 O-O 5.O-O d6 6.d4 c6 7.Nc3 Qa5 8.e4 Bg4
9.h3 Bxf3 10.Bxf3 Nfd7 11.Be3 c5 12.dxc5 Bxc3 13.bxc3 dxc5 14.e5 Qc7 15.e6 fxe6
16.Bg4 Qc6 17.Bh6 Rf6 18.Bg5 Rf7 19.Re1 e5 20.f4 e6 21.Rb1 e4 22.h4 Nf8 23.Qc2 Kg7
24.h5 h6 25.Bh4 e5 26.Rxe4 exf4 27.Re6 Nxe6 28.Qxg6+ Kf8 29.Bxe6 Qc7 30.Bxf7 Qxf7
31.Qxh6+ Kg8 32.Bf6 Qh7 33.Qg5+ Kf8 34.Qxc5+  1-0

[Event "ROM-chT"]
[Site "ROM"]
[Date "1995.??.??"]
[Round "?"]
[White "Szuhanek, Ranko"]
[Black "Popescu, Dan"]
[Result "1/2-1/2"]
[WhiteElo "2350"]
[BlackElo "2270"]

1.c4 Nf6 2.Nf3 g6 3.g3 Bg7 4.Bg2 O-O 5.O-O d6 6.Nc3 e5 7.d3 h6 8.Rb1 a5 9.a3 Nc6
10.b4 axb4 11.axb4 Be6 12.b5 Ne7 13.Nd2 Rb8 14.Ba3 Nd7 15.Nd5 Nc5 16.Nb3 Bxd5
17.cxd5 b6 18.d4 Nxb3 19.Rxb3 exd4 20.Bb2 Ra8 21.Bxd4  1/2-1/2

[Event "Sala op"]
[Site "Sala"]
[Date "1995.??.??"]
[Round "2"]
[White "Konopka, Michal"]
[Black "Hrivnak, Martin"]
[Result "1-0"]
[WhiteElo "2395"]
[BlackElo "2190"]

1.Nf3 Nf6 2.c4 g6 3.g3 Bg7 4.Bg2 O-O 5.d4 c5 6.O-O cxd4 7.Nxd4 Nc6 8.Nc3 Qa5
9.Nb3 Qb4 10.c5 Na5 11.Be3 Rd8 12.h3 d6 13.cxd6 Nxb3 14.Qxb3 Qxb3 15.dxe7 Re8
16.axb3 Rxe7 17.Bxa7 Be6 18.Bc5 Rxa1 19.Rxa1 Re8 20.Bd4 Rd8 21.e3 h6 22.b4 Nd5
23.Bxg7 Kxg7 24.Bxd5 Bxd5 25.Rd1  1-0

[Event "Sala op"]
[Site "Sala"]
[Date "1995.??.??"]
[Round "3"]
[White "Zhidkov, Valery S"]
[Black "Salai, Ladislav"]
[Result "1/2-1/2"]
[WhiteElo "2315"]
[BlackElo "2425"]

1.Nf3 Nf6 2.c4 g6 3.g3 Bg7 4.Bg2 O-O 5.O-O d6 6.d4 Nc6 7.Nc3 a6 8.h3 Rb8
9.Be3 b5 10.Nd2 Bd7 11.Rc1 e5 12.dxe5 dxe5 13.cxb5 axb5 14.Nde4 Nxe4 15.Nxe4 Nd4
16.Bg5 f6 17.Bd2 Rf7 18.e3 Ne6 19.Bb4 f5 20.Nc5 Nxc5 21.Bxc5 e4 22.Qc2 Be6
23.Rfd1 Rd7 24.Bf1 Qe8 25.b3  1/2-1/2

[Event "Sala op"]
[Site "Sala"]
[Date "1995.??.??"]
[Round "5"]
[White "Konopka, Michal"]
[Black "Salai, Ladislav"]
[Result "1-0"]
[WhiteElo "2395"]
[BlackElo "2425"]

1.Nf3 Nf6 2.c4 g6 3.g3 Bg7 4.Bg2 O-O 5.d4 d6 6.O-O Nc6 7.Nc3 a6 8.b3 Rb8
9.Nd5 Bg4 10.Bb2 Qd7 11.Ne3 Bh3 12.d5 Na7 13.Qc2 c5 14.dxc6 Nxc6 15.Rad1 Bxg2
16.Kxg2 Rfc8 17.Qb1 Qe8 18.Qa1 Qf8 19.Rc1 b5 20.Rfd1 a5 21.Nd5 Nxd5 22.cxd5 Nb4
23.a3 Rxc1 24.Qxc1 Rc8 25.Qb1 Na6 26.Bxg7 Qxg7 27.Nd4 Rc5 28.Nc6 Qf6 29.Qe4 b4
30.Rd3 bxa3 31.Rf3 a2 32.Rxf6 exf6 33.Qa4 Rc2 34.Qxa5 Nc5 35.Nd4 Rd2 36.b4 Ne4
37.Nb3 Rxe2 38.Nc1 Rxf2+ 39.Kg1 g5 40.Nxa2 Rd2 41.b5 Rb2 42.Nc3 Nd2 43.Qd8+ Kg7
44.Qxd6 h5 45.Qa3 Nf3+ 46.Kf1 Nxh2+ 47.Ke1 Nf3+ 48.Kd1 Rg2 49.b6 Ne5 50.b7  1-0

[Event "Sala op"]
[Site "Sala"]
[Date "1995.??.??"]
[Round "6"]
[White "Konopka, Michal"]
[Black "Zontakh, Andrey"]
[Result "1/2-1/2"]
[WhiteElo "2395"]
[BlackElo "2460"]

1.Nf3 Nf6 2.c4 g6 3.g3 Bg7 4.Bg2 O-O 5.d4 d6 6.O-O Nbd7 7.Nc3 e5 8.e4 c6
9.h3 a6 10.Be3 exd4 11.Nxd4 Re8 12.Qc2 Qe7 13.Rad1 Nc5 14.Rfe1 Bd7 15.Bf4 Nh5
16.Be3 Nf6 17.Bf4 Nh5 18.Be3 Nf6  1/2-1/2

[Event "Sala op"]
[Site "Sala"]
[Date "1995.??.??"]
[Round "7"]
[White "Zhidkov, Valery S"]
[Black "Balogh, Tomas"]
[Result "1-0"]
[WhiteElo "2315"]
[BlackElo "2300"]

1.Nf3 Nf6 2.c4 g6 3.g3 Bg7 4.Bg2 O-O 5.O-O d6 6.d4 c5 7.Nc3 Nc6 8.h3 Bd7
9.dxc5 dxc5 10.Be3 b6 11.Qc1 e6 12.Rd1 Qe7 13.Bg5 Rfd8 14.Ne4 h6 15.Bxf6 Bxf6
16.Nxf6+ Qxf6 17.Qxh6 Be8 18.Ng5 Rxd1+ 19.Rxd1 Rd8 20.Rxd8 Nxd8 21.b3 Nc6
22.Ne4 Qe5 23.f4 Qd4+ 24.Kh2 Nb4 25.h4 Bc6 26.Ng5 Qg7 27.Qxg7+ Kxg7 28.Bxc6 Nxc6
29.Ne4 Nb4 30.Nc3 f5 31.Kg2 Nc6 32.e4 Kf6 33.g4 Nb4 34.Kf3 Kg7 35.g5 Kf7
36.Ke3 Nc2+ 37.Kd2 Nb4 38.e5 Ke7 39.a3 Nc6 40.Ne2 Kd7 41.Kc3 Ne7 42.b4 Kc6
43.Nc1 Nc8 44.Nb3 Ne7 45.a4 cxb4+ 46.Kxb4 a5+ 47.Kc3 Kd7 48.Nd4 Nc8 49.Nb5 Kc6
50.Nd4+ Kd7 51.Kd3 Ke7 52.Ke3 Kf7 53.Nc6 Ke8 54.Kf3 Kd7 55.Nd4 Ke7 56.Kg3 Kf7
57.Nc6 Ke8 58.h5  1-0

[Event "Salta Clarin op"]
[Site "Salta"]
[Date "1995.??.??"]
[Round "7"]
[White "Tempone, Marcelo"]
[Black "Sorin, Ariel"]
[Result "1/2-1/2"]
[WhiteElo "2435"]
[BlackElo "2500"]

1.Nf3 Nf6 2.c4 g6 3.g3 Bg7 4.Bg2 O-O 5.O-O d6 6.Nc3 c6 7.Re1 e5 8.e4 Nbd7
9.d4 a5 10.h3 exd4 11.Nxd4 Re8 12.Rb1 Nc5 13.Bf4 Nh5 14.Be3 a4 15.b4 axb3
16.axb3 Nf6 17.Qc2 Qe7 18.b4 Ne6 19.Nb3 Qc7 20.f4 Nd7 21.Bf2 h5 22.Be3 Nb6
23.Ne2 c5 24.bxc5 dxc5 25.e5 Rd8 26.Bf2 Bd7 27.Nc3 Bc6 28.Ne4 Ra4 29.Bf1  1/2-1/2

[Event "San Luis Clarin GP"]
[Site "San Luis"]
[Date "1995.??.??"]
[Round "8"]
[White "Szmetan, Jorge"]
[Black "Panelo, Marcelo"]
[Result "1/2-1/2"]
[WhiteElo "2435"]
[BlackElo "2195"]

1.Nf3 Nf6 2.c4 g6 3.g3 Bg7 4.Bg2 O-O 5.O-O d6 6.d4 Nc6 7.Nc3 Bg4 8.h3 Bxf3
9.Bxf3 Nd7 10.Bg2 Nb6 11.c5 dxc5 12.dxc5 Qxd1 13.Rxd1 Nc4 14.Rb1 Rfd8 15.Bf4 Rxd1+
16.Rxd1 Nxb2 17.Rc1 Rd8 18.Bxc7 Rd7 19.Bf4 e5 20.Bg5 h6 21.Be3 Nc4 22.Ne4 Nxe3
23.fxe3 f5 24.Nd6 e4 25.g4 Bf8 26.gxf5 Bxd6 27.cxd6 gxf5 28.Rc5 Rxd6 29.Rxf5 Rd2
30.Bxe4 Rxe2 31.Bd5+ Kg7 32.Rf7+ Kg6 33.Rxb7 Ne5 34.Rxa7 Rxe3 35.Bg2 Re2
36.a4 Kf5 37.a5 Kf4 38.a6 Ra2 39.Ra8 Nf3+ 40.Kf1 Nh2+ 41.Ke1 Rxg2 42.Rf8+ Ke3
43.Re8+ Kf3 44.a7 Rg1+ 45.Kd2 Rg2+ 46.Kd3 Ra2 47.a8=Q+ Rxa8 48.Rxa8 Kg3 49.Rh8 Kxh3
50.Rxh6+ Kg3 51.Ke4 Nf1 52.Rg6+ Kf2 53.Kf4 Ne3 54.Rg8 Nd5+ 55.Ke5 Nc3 56.Kd4 Ne2+
57.Ke4 Ng3+ 58.Kd3 Kf3 59.Rf8+ Kg4 60.Ke3 Nf5+ 61.Ke4 Ng3+ 62.Ke5 Ne2 63.Rf2 Ng3
64.Rf4+ Kg5 65.Ra4 Nh5 66.Ra8 Nf6  1/2-1/2

[Event "San Martin"]
[Site "San Martin"]
[Date "1995.??.??"]
[Round "5"]
[White "Scarella, Enrique"]
[Black "Ricardi, Pablo"]
[Result "0-1"]
[WhiteElo "2380"]
[BlackElo "2530"]

1.Nf3 Nf6 2.c4 g6 3.g3 Bg7 4.Bg2 O-O 5.O-O d6 6.Nc3 c5 7.d4 Nc6 8.dxc5 dxc5
9.Bf4 Nh5 10.Qxd8 Rxd8 11.Bc7 Rd7 12.Bf4 Nxf4 13.gxf4 Rb8 14.Rac1 b6 15.Rfd1 Bxc3
16.Rxd7 Bxb2 17.Rcd1 Bxd7 18.Rxd7 Rd8 19.Rxd8+ Nxd8 20.Ne1 Kg7 21.Nd3 Bc3
22.e3 f5 23.Bf3 Nf7 24.Be2 Kf6 25.Nc1 Nd6 26.Bd3 h6 27.Kg2 g5 28.fxg5+ hxg5
29.Ne2 Bb2 30.f4 b5 31.cxb5 c4 32.Bc2 Nxb5 33.Kg3 e5 34.Ba4 Na3 35.Kf2 gxf4
36.exf4 c3 37.fxe5+ Kxe5 38.Ke3 c2 39.Kd2 f4 40.Bxc2 Nxc2 41.Kxc2 f3 42.Ng3 Ba3
43.Kd3 Bc5 44.Nf1 Kf4 45.Ng3 Bf2 46.Nf1 Bg1 47.h4 Bc5 48.h5 Bf8 49.Kd2 Bg7
50.Ke1 Bc3+ 51.Kf2 Bd4+ 52.Ke1 Kg5 53.Nh2 f2+ 54.Ke2 Kxh5 55.Nf3 Be3 56.Nh2 Bb6
57.Kf3 Kg5 58.Nf1 Kf5 59.Nd2 Ke5 60.Ke2 Kd4 61.a4 Kc3 62.a5 Bxa5 63.Ne4+ Kc2
64.Nxf2 Bb4 65.Nd3 a5 66.Ne5 a4 67.Nc4 Bc5 68.Ke1 Kc3 69.Nd2 Be3 70.Ne4+ Kd3
71.Nf6 a3 72.Nd5 Bd2+  0-1

[Event "SCO-ch"]
[Site "?"]
[Date "1995.??.??"]
[Round "8"]
[White "McNab, Colin Anderson"]
[Black "Henderson, John B"]
[Result "1-0"]
[WhiteElo "2475"]
[BlackElo "2165"]

1.c4 Nf6 2.Nf3 g6 3.g3 Bg7 4.Bg2 O-O 5.O-O d5 6.cxd5 Nxd5 7.Nc3 Nb6 8.d4 c6
9.h3 a5 10.Bf4 Na6 11.Qc1 Be6 12.Rd1 Qc8 13.Kh2 a4 14.Bh6 f6 15.Bxg7 Kxg7
16.Ne1 Nb4 17.a3 N4d5 18.Ne4 Nd7 19.Nd3 b6 20.Nd2 h5 21.e4 Nc7 22.Qxc6 h4
23.Rac1 hxg3+ 24.fxg3 Ra7 25.Nf4 Bf7 26.Nd5 Bxd5 27.exd5  1-0

[Event "Sitges op"]
[Site "Sitges"]
[Date "1995.??.??"]
[Round "5"]
[White "Bauert, Ralph"]
[Black "Vidarte Morales, Arturo"]
[Result "0-1"]
[WhiteElo "2260"]
[BlackElo "2355"]

1.Nf3 Nf6 2.c4 g6 3.g3 Bg7 4.Bg2 O-O 5.O-O d6 6.Nc3 Nbd7 7.d3 e5 8.Rb1 a5
9.a3 Nh5 10.b4 axb4 11.axb4 c6 12.b5 Qc7 13.Nd2 Nc5 14.Bb2 Bg4 15.Ra1 Nxd3
16.Ba3 Nc5 17.Bxc5 dxc5 18.bxc6 bxc6 19.h3 Be6 20.Nce4 Qe7 21.Qc2 f5 22.Nc3 e4
23.e3 Nf6 24.Rfb1 Nd7 25.Rxa8 Rxa8 26.Rb7 Qd6 27.Bf1 Ne5 28.Be2 Rd8 29.Ncxe4 fxe4
30.Nxe4 Qf8 31.f4 Nf7 32.Qa4 Nd6 33.Nxc5 Nxb7 34.Nxe6 Nc5 35.Qxc6 Nxe6 36.Qxe6+ Kh8
37.Kf2 Qd6 38.Qe4 Qc5 39.h4 Bf6 40.h5 Qe7 41.Qxe7 Bxe7 42.hxg6 hxg6 43.Bf3 Bc5
44.Be2 Rb8  0-1

[Event "St Ingbert op"]
[Site "St Ingbert op"]
[Date "1995.??.??"]
[Round "3"]
[White "Csom, Istvan"]
[Black "Roski, Ferdinand"]
[Result "1-0"]
[WhiteElo "2455"]
[BlackElo "2230"]

1.c4 Nf6 2.Nf3 g6 3.g3 Bg7 4.Bg2 O-O 5.O-O d6 6.d4 Nbd7 7.Nc3 e5 8.b3 Re8
9.e4 a6 10.Re1 Rb8 11.Bb2 exd4 12.Nxd4 c5 13.Nc2 Ne5 14.h3 b5 15.cxb5 c4
16.Nb4 axb5 17.Re2 Qa5 18.Ncd5 Nxd5 19.Nxd5 Be6 20.b4 Qa7 21.Nf4 Rbc8 22.Rc2 Qa4
23.Bc3 Qa3 24.Rb1 Nd3 25.Qd2 Ne5 26.Kh1 Rcd8 27.Nd5 Bxd5 28.Qxd5 Qa4 29.Rd2 Nd3
30.Bxg7 Kxg7 31.Qd4+ f6 32.Qc3 Qa7 33.Kg1 h5 34.h4 Re7 35.a4 Qxa4 36.Ra1 Qxb4
37.Rxd3 Qc5 38.Rd5 Qb6 39.Rb1 Rb8 40.Qb4 Rc7 41.Rxb5 Qxb5 42.Qxb5 Rxb5 43.Rxb5 c3
44.Rb1 f5 45.Kf1 Kf6 46.Ke2 g5 47.Kd3 gxh4 48.gxh4 fxe4+ 49.Bxe4 Ke5 50.Bg6 d5
51.Re1+ Kf4 52.Bxh5 Rh7 53.Bd1  1-0

[Event "St Ingbert op"]
[Site "St Ingbert op"]
[Date "1995.??.??"]
[Round "6"]
[White "Lurje, Pawel"]
[Black "Pirrot, Dieter"]
[Result "0-1"]
[WhiteElo "2215"]
[BlackElo "2400"]

1.Nf3 Nf6 2.g3 g6 3.Bg2 Bg7 4.c4 O-O 5.O-O d6 6.d4 Nc6 7.Nc3 a6 8.d5 Na5
9.Nd2 c5 10.Qc2 Rb8 11.b3 b5 12.Rb1 e5 13.e4 Qc7 14.Nd1 Bd7 15.Bb2 bxc4 16.bxc4 Bh6
17.f4 Nh5 18.Qc3 f6 19.Bf3 Ng7 20.Be2 Rbe8 21.Ne3 f5 22.Bd3 fxe4 23.Nxe4 Nf5
24.Ng4 Bg7 25.fxe5 dxe5 26.Be2 h5 27.Ngf2 Nd4 28.Rbe1 Nb7 29.Bd1 Bf5 30.Bc1 Nd6
31.Nxd6 Qxd6 32.Ne4 Bxe4 33.Rxf8+ Rxf8 34.Rxe4 Qf6 35.Qe1 Rb8 36.Ba3 Rb1
37.Bxc5 Nf3+  0-1

[Event "Chigorin mem"]
[Site "St Petersburg"]
[Date "1995.??.??"]
[Round "3"]
[White "Kochyev, Alexander"]
[Black "Umanskaya, Irina"]
[Result "1/2-1/2"]
[WhiteElo "2450"]
[BlackElo "2300"]

1.Nf3 Nf6 2.c4 g6 3.g3 Bg7 4.Bg2 O-O 5.O-O d6 6.d4 Nbd7 7.Nc3 e5 8.e4 exd4
9.Nxd4 Re8 10.h3 a6 11.Be3 Rb8 12.Rb1 Nc5 13.Qc2 Bd7 14.Rbd1 Qc8 15.g4 h5  1/2-1/2

[Event "St Petersburg-ch"]
[Site "St Petersburg"]
[Date "1995.??.??"]
[Round "3"]
[White "Kochyev, Alexander"]
[Black "Orlov, Vassily"]
[Result "1-0"]
[WhiteElo "2455"]
[BlackElo "2435"]

1.Nf3 Nf6 2.g3 g6 3.c4 Bg7 4.Bg2 O-O 5.d4 d5 6.cxd5 Nxd5 7.O-O Nc6 8.Nc3 Nb6
9.Bf4 Bg4 10.d5 Na5 11.Rc1 c5 12.h3 Bxf3 13.Bxf3 Nac4 14.b3 Ne5 15.Bg2 c4
16.d6 Qxd6 17.Qxd6 exd6 18.Bxb7 Rab8 19.Bg2 cxb3 20.axb3 Nbd7 21.Rb1 Nc5
22.b4 Ne6 23.Nd5 Nxf4 24.gxf4 Nc4 25.Rbc1 Nd2 26.Rfd1 Nb3 27.Rc7 Nd4 28.e3 Nb5
29.Rc6 Rfd8 30.Rdc1 Kf8 31.Bf1 h6 32.Ra6 g5 33.f5 Be5 34.f6 Rb7 35.Ra5 a6
36.Rc6 Kg8 37.Raxa6 h5 38.Be2 h4 39.Bd3 Rdb8 40.Kg2 Na7 41.Rc4 Kh8 42.Kf3 Rb5
43.Be4  1-0

[Event "St Veit op"]
[Site "St Veit"]
[Date "1995.??.??"]
[Round "6"]
[White "Piven, Igor"]
[Black "Konopka, Michal"]
[Result "1/2-1/2"]
[WhiteElo "2360"]
[BlackElo "2395"]

1.Nf3 Nf6 2.g3 g6 3.c4 Bg7 4.Bg2 O-O 5.O-O d5 6.cxd5 Nxd5 7.Nc3 Nc6 8.d4 Nb6
9.d5 Na5 10.Qc2 c6 11.dxc6 Nxc6 12.Rd1 Qc7 13.Nb5 Qb8 14.Nfd4 Nxd4 15.Nxd4 Bd7
16.b3 e5 17.Nf3 Bc6 18.Bb2 Rc8 19.Qd2 Rd8 20.Qa5 f6 21.Ne1 Bxg2 22.Nxg2 Qc7  1/2-1/2

[Event "St Veit op"]
[Site "St Veit"]
[Date "1995.??.??"]
[Round "9"]
[White "Konopka, Michal"]
[Black "Starc, Christian"]
[Result "0-1"]
[WhiteElo "2395"]
[BlackElo "2135"]

1.Nf3 Nf6 2.c4 g6 3.g3 Bg7 4.Bg2 O-O 5.O-O d6 6.d4 Nbd7 7.Nc3 e5 8.e4 c6
9.h3 Qa5 10.Be3 Re8 11.Qc2 Nf8 12.Rfd1 Nh5 13.d5 c5 14.Kh2 f5 15.exf5 gxf5
16.Nh4 e4 17.Qe2 Nf6 18.Bf4 Rd8 19.f3 exf3 20.Bxf3 a6 21.Qc2 Qb4 22.a3 Qb6
23.Rd2 Ng6 24.Nxf5 Nxf4 25.gxf4 Bxf5 26.Qxf5 Rf8 27.Rg1 Kh8 28.Rdg2 Bh6 29.Kh1 Qc7
30.Bd1 Qf7 31.Bc2 Rae8 32.Re2 Rxe2 33.Nxe2 Nh5 34.Qe6 Nxf4 35.Qxh6 Nxe2 36.Rg2 Qf1+
37.Kh2 Qf4+ 38.Qxf4 Nxf4 39.Rf2 Ng6 40.Rxf8+ Nxf8 41.Bf5 b6 42.Kg3 Kg7 43.Kg4 Kf6
44.Bc8 a5 45.Kh5 Ng6 46.Kh6 Ne5 47.Ba6 Nf7+ 48.Kxh7 Ng5+ 49.Kg8 Nxh3 50.Kf8 Nf4
51.Bb5 Nd3 52.b3 Nc1 53.Ba4 Ne2 54.Ke8 Nc3 55.Bd7 Nb1 56.a4 Nd2 57.Kd8 Nxb3
58.Kc7 Ke5 59.Kxb6 Kd4 60.Bb5 Ke5 61.Kc7 Nd2 62.Kc6 Nb3 63.Ba6 Nd4+ 64.Kb6 Nb3
65.Kb5 Kd4 66.Bb7 Nd2 67.Kxa5 Kxc4 68.Kb6 Kb4 69.Ba6 c4 70.Kc6 c3 71.Bd3 Nc4
72.Bc2 Ka5 73.Kc7  0-1

[Event "Stockholm"]
[Site "Stockholm"]
[Date "1995.??.??"]
[Round "9"]
[White "Davies, Nigel R"]
[Black "Lyrberg, Patrik"]
[Result "1-0"]
[WhiteElo "2505"]
[BlackElo "2400"]

1.c4 Nf6 2.Nf3 g6 3.g3 Bg7 4.Bg2 O-O 5.O-O d6 6.d4 Nbd7 7.Nc3 e5 8.e4 exd4
9.Nxd4 c6 10.h3 Nc5 11.Re1 Ne6 12.Nc2 a6 13.Be3 Rb8 14.a4 b6 15.Qd2 Nc5 16.Nd4 Bb7
17.Rad1 Ncd7 18.Bh6 Bxh6 19.Qxh6 Ne8 20.e5 Nxe5 21.Rxe5 dxe5 22.Nxc6 Qc7
23.Nd5 Qxc6 24.Ne7+ Kh8 25.Qxf8+  1-0

[Event "SVK-chT"]
[Site "?"]
[Date "1995.??.??"]
[Round "?"]
[White "Konopka, Michal"]
[Black "Bednar, Jaromir"]
[Result "1-0"]
[WhiteElo "2440"]
[BlackElo "2180"]

1.Nf3 Nf6 2.c4 g6 3.g3 Bg7 4.Bg2 O-O 5.O-O d6 6.d4 Nbd7 7.Nc3 e5 8.h3 c6
9.e4 a6 10.Be3 exd4 11.Nxd4 Re8 12.Qc2 Nc5 13.Rad1 Qe7 14.Rfe1 Bd7 15.Bf4 Rad8
16.b4 g5 17.Bxg5 Ne6 18.Nf5 Qf8 19.Bc1 Bc8 20.Bb2 c5 21.Nxg7 Nd4 22.Rxd4  1-0

[Event "BCF-ch"]
[Site "Swansea"]
[Date "1995.??.??"]
[Round "3"]
[White "Ledger, Andrew"]
[Black "Hebden, Mark"]
[Result "0-1"]
[WhiteElo "2410"]
[BlackElo "2570"]

1.Nf3 Nf6 2.c4 g6 3.g3 Bg7 4.Bg2 O-O 5.O-O Nc6 6.Nc3 d6 7.d3 e5 8.Rb1 a5
9.b3 Re8 10.Bb2 h6 11.e3 Be6 12.d4 exd4 13.Nxd4 Nxd4 14.Qxd4 Bf5 15.Rbc1 Ne4
16.Qd1 Nc5 17.Qd2 c6 18.Rcd1 Qb6 19.Qe2 Qb4 20.Nb1 Bxb2 21.Qxb2 a4 22.Nd2 axb3
23.axb3 Na4 24.Qd4 Nc3 25.Rde1 Ra2 26.e4 Bg4 27.f3 Be6 28.Rf2 Nb5 29.Qe3 Na3
30.Qxh6 Nc2 31.e5 Bf5 32.Re4 Rxe5 33.Rh4 Re1+ 34.Bf1 Qc3 35.Ne4 Qd4 36.Qh7+ Kf8
37.Qh6+ Ke8 38.Nd2 Qe5 39.Qh7 Kf8 40.Qh6+ Ke7 41.Ne4 Ne3 42.Qg5+ Kd7 43.Nf6+ Kc7
44.Rh8 Rxf2 45.Nd5+ cxd5 46.Qd8+ Kc6 47.cxd5+ Nxd5  0-1

[Event "SWZ-chT"]
[Site "SWZ"]
[Date "1995.??.??"]
[Round "1"]
[White "Zueger, Beat"]
[Black "Nemet, Ivan"]
[Result "1-0"]
[WhiteElo "2470"]
[BlackElo "2395"]

1.c4 Nf6 2.Nf3 g6 3.g3 Bg7 4.Bg2 O-O 5.Nc3 d6 6.O-O c6 7.d4 Bf5 8.Bg5 Ne4
9.Nxe4 Bxe4 10.Qd2 Re8 11.Rfd1 d5 12.Qb4 Qc7 13.Rac1 dxc4 14.Qxc4 Qa5 15.Ne5 Bd5
16.Bxd5 cxd5 17.Qb3 Nc6 18.Nxc6 bxc6 19.Rxc6 Rab8 20.Rc5 Qa6 21.Qxd5 Qxe2
22.Rd2 Qe1+ 23.Kg2 Red8 24.Qc4 Qe4+ 25.f3 Qb1 26.Be3 Rxb2 27.Rxb2 Qxb2+ 28.Qc2 Qb8
29.Rc7 Bf6 30.Bf2 h5 31.h4 Kg7 32.Qc4 Qb2 33.Qb3 Qe2 34.Qc4 Qd1 35.Rxa7 Bxd4
36.Rxe7 Kh6 37.Qxf7 Qd2 38.Qh7+  1-0

[Event "SWZ-chT"]
[Site "SWZ"]
[Date "1995.??.??"]
[Round "7"]
[White "Maric, Alisa"]
[Black "Hug, Werner"]
[Result "1/2-1/2"]
[WhiteElo "2445"]
[BlackElo "2470"]

1.Nf3 Nf6 2.c4 g6 3.g3 Bg7 4.Bg2 O-O 5.O-O c6 6.d4 d6 7.Nc3 Bg4 8.e4 Nfd7
9.h3 Bxf3 10.Bxf3 a6 11.Be3 c5 12.d5 b5 13.Be2 bxc4 14.Bxc4 Nb6 15.Be2 N8d7
16.Rc1 Qc7 17.h4 c4 18.h5 Rab8 19.hxg6 hxg6 20.Kg2 Nc5 21.Rh1 Nbd7 22.Qd2 Rfc8
23.Bxc4  1/2-1/2

[Event "SWZ-ch"]
[Site "SWZ"]
[Date "1995.??.??"]
[Round "8"]
[White "Zueger, Beat"]
[Black "Nemet, Ivan"]
[Result "1/2-1/2"]
[WhiteElo "2470"]
[BlackElo "2395"]

1.Nf3 Nf6 2.c4 g6 3.g3 Bg7 4.Bg2 O-O 5.O-O d6 6.Nc3 Nc6 7.d3 h6 8.Rb1 a5
9.a3 e5 10.b4 axb4 11.axb4 Be6 12.b5 Ne7 13.Bb2 Qd7 14.Ra1 Bh3 15.Qb3 Bxg2
16.Kxg2 b6 17.d4 exd4 18.Nxd4 Qc8 19.e4 Rxa1 20.Rxa1 Nd7 21.Qd1 Nc5 22.Ra2 Kh7
23.f3 f5 24.Nd5 Nxd5 25.exd5 Re8 26.Nb3 Nxb3 27.Bxg7 Kxg7  1/2-1/2

[Event "Tel Aviv ASA"]
[Site "Tel Aviv"]
[Date "1995.??.??"]
[Round "1"]
[White "Rechlis, Gad"]
[Black "Har Zvi, Ronen"]
[Result "1/2-1/2"]
[WhiteElo "2500"]
[BlackElo "2500"]

1.c4 Nf6 2.Nf3 g6 3.g3 Bg7 4.Bg2 O-O 5.O-O d6 6.Nc3 e5 7.d4 Nbd7 8.e4 c6
9.Re1 exd4 10.Nxd4 Re8 11.h3 Qa5 12.Be3 Ne5 13.Bf1 Be6 14.f4 Nxc4 15.Bf2 Nxb2
16.Qc2 Nc4 17.Nxe6 Na3  1/2-1/2

[Event "Tel Aviv ASA"]
[Site "Tel Aviv"]
[Date "1995.??.??"]
[Round "6"]
[White "Kanstler, Boris"]
[Black "Har Zvi, Ronen"]
[Result "1/2-1/2"]
[WhiteElo "2430"]
[BlackElo "2500"]

1.Nf3 Nf6 2.c4 g6 3.g3 Bg7 4.Bg2 O-O 5.O-O d6 6.Nc3 e5 7.d3 Re8 8.Nd2 Nc6
9.Rb1 a5 10.a3 Be6  1/2-1/2

[Event "Tivat op"]
[Site "Tivat"]
[Date "1995.??.??"]
[Round "8"]
[White "Paunovic, Dragan"]
[Black "Marjanovic, Slavoljub"]
[Result "1-0"]
[WhiteElo "2455"]
[BlackElo "2425"]

1.Nf3 Nf6 2.c4 g6 3.g3 Bg7 4.Bg2 O-O 5.d4 d6 6.O-O Nc6 7.Nc3 Bg4 8.d5 Na5
9.Nd2 c5 10.Qc2 a6 11.h3 Bd7 12.b3 b5 13.Bb2 Rb8 14.Rab1 e5 15.dxe6 Bxe6
16.Nd5 Nxd5 17.cxd5 Bf5 18.e4 Bd7 19.Bxg7 Kxg7 20.f4 f6 21.Rbe1 Qc7 22.Nf3 Rbe8
23.Re3 b4 24.Rfe1 c4 25.e5 fxe5 26.fxe5 dxe5 27.bxc4 Nxc4 28.Nxe5 Rxe5 29.Rxe5 Qb6+
30.Kh2 Nxe5 31.Rxe5 Qd6 32.Re4 a5 33.Rc4 Re8 34.Qf2 Kg8 35.Qa7 a4 36.Rc7 Re7
37.Rb7 a3 38.Rb6 Be8 39.Qa5 Qd8 40.Rxg6+ hxg6 41.Qxd8 Re2 42.d6  1-0

[Event "FRA-chB"]
[Site "Toulouse"]
[Date "1995.??.??"]
[Round "7"]
[White "Adrian, Claude"]
[Black "Tirard, Hugo"]
[Result "1-0"]
[WhiteElo "2270"]
[BlackElo "2345"]

1.Nf3 Nf6 2.c4 g6 3.g3 Bg7 4.Bg2 O-O 5.d4 d6 6.O-O Nc6 7.d5 Na5 8.Nfd2 c5
9.Nc3 a6 10.Rb1 Rb8 11.b3 b5 12.Bb2 bxc4 13.bxc4 Ng4 14.Qc2 Ne5 15.Nce4 e6
16.Ba1 Rxb1 17.Rxb1 f5 18.f4 Ng4 19.Bxg7 Kxg7 20.Qc3+ e5 21.Ng5 Kg8 22.Ne6 Bxe6
23.dxe6 Re8 24.Bd5 Re7 25.h3 Nf6 26.fxe5 dxe5 27.Qxe5 Nxc4 28.Bxc4 Qxd2 29.Qxf6  1-0

[Event "Travemuende op"]
[Site "Travemuende"]
[Date "1995.??.??"]
[Round "5"]
[White "Zhidkov, Valery S"]
[Black "Johnen, Daniel"]
[Result "1-0"]
[WhiteElo "2315"]
[BlackElo "2105"]

1.Nf3 Nf6 2.c4 g6 3.g3 Bg7 4.Bg2 O-O 5.O-O d6 6.d4 Nbd7 7.Qc2 e5 8.Rd1 Re8
9.Nc3 c6 10.e4 a6 11.dxe5 dxe5 12.c5 Qa5 13.Na4 b5 14.cxb6 Nxb6 15.Nxb6 Qxb6
16.Be3 Qb7 17.h3 a5 18.Nd2 Be6 19.Nc4 Bxc4 20.Qxc4 Red8 21.b3 Qb5 22.Rxd8+ Rxd8
23.Rc1 a4 24.Qxa4 Qxa4 25.bxa4 Rc8 26.a5 Bf8 27.a6 c5 28.Rc4 Nd7 29.Bf1 Ra8
30.Ra4 Ra7 31.Bb5 Nb6 32.Ra3 Rc7 33.a7 Na8 34.Bc4 Be7 35.Bd5 Rc8 36.Rb3 Bd6
37.Rb7 c4 38.Bxf7+ Kh8 39.Bxc4  1-0

[Event "SVK-ch"]
[Site "Trencin"]
[Date "1995.??.??"]
[Round "11"]
[White "Pal, Peter"]
[Black "Bisco, Igor"]
[Result "1-0"]
[WhiteElo "2285"]
[BlackElo "2175"]

1.Nf3 Nf6 2.c4 g6 3.g3 Bg7 4.Bg2 O-O 5.O-O d6 6.d3 e5 7.Nc3 c6 8.h3 Nbd7
9.e4 a5 10.Be3 Qc7 11.a3 Nc5 12.Qc2 Nfd7 13.b4 Ne6 14.Ne2 f5 15.exf5 gxf5
16.d4 axb4 17.axb4 Rxa1 18.Rxa1 f4 19.gxf4 c5 20.fxe5 dxe5 21.d5 Nd4 22.Bxd4 exd4
23.Ng5 Nf6 24.Qd3 Qe5 25.Nf3 Qh5 26.bxc5 Bf5 27.Qd2 Ne4 28.Ng3 Nxg3 29.fxg3 Bxh3
30.Qg5 Qxg5 31.Nxg5 d3 32.Rd1 Bd4+ 33.Kh2 Bxg2 34.Kxg2 Rf2+ 35.Kh3 d2 36.d6 Bxc5
37.Ne4  1-0

[Event "South California-ch"]
[Site "USA"]
[Date "1995.??.??"]
[Round "6"]
[White "Jones, Stephen L"]
[Black "Booth, Stephen A"]
[Result "0-1"]
[WhiteElo "2375"]
[BlackElo "2290"]

1.Nf3 Nf6 2.c4 g6 3.g3 Bg7 4.Bg2 O-O 5.O-O d6 6.d4 Nbd7 7.Nc3 e5 8.e4 exd4
9.Nxd4 Ne5 10.b3 Bg4 11.f3 Bd7 12.Bb2 Qc8 13.Re1 Bh3 14.Bh1 c6 15.Qd2 Qc7
16.Rad1 Rad8 17.Qf2 h5 18.Bg2 Bxg2 19.Kxg2 a6 20.h3 b5 21.f4 Ned7 22.cxb5 axb5
23.Nf3 b4 24.Na4 d5 25.exd5 Nxd5 26.Bxg7 Kxg7 27.Nc5 N7f6 28.Ng5 Kg8 29.Rd2 h4
30.Kh1 hxg3 31.Qxg3 Nh5 32.Qh2 Qxf4 33.Qxf4 Ndxf4 34.Nd7 Rfe8 35.Red1 Kg7
36.Kh2 Nd5 37.Nb6 Nhf4 38.Nc4 f6 39.Nf3 Rh8 40.h4 Rde8 41.Rg1 Re7 42.Nd6 Rh5
43.Rg4 Kh7 44.Rf2 Nd3 45.Rd2 Ne3 46.Rg1 Ne5 47.Nxe5 Rexe5 48.Rc1 Rxh4+ 49.Kg3 g5
50.Rf2 f5 51.Nf7 Rg4+ 52.Kf3 Re7 53.Rxc6 Rf4+ 54.Kg3 Rxf7 55.Rxf4 gxf4+ 56.Kxf4 Nd5+
57.Kf3 Rf6 58.Rc5 Rd6 59.Ra5 Kg6 60.a3 bxa3 61.Rxa3 Rc6 62.Ra5 Rc3+ 63.Kf2 Nf4
64.b4 Kg5 65.b5 Kg4 66.Ra8 Rf3+ 67.Ke1 Rb3 68.Rb8 Nd5 69.Kf2 Rb2+ 70.Ke1 f4
71.Rg8+ Kf3 72.Rb8 Ke3 73.Re8+ Kf3 74.Rb8 Ne3  0-1

[Event "Velden op"]
[Site "Velden"]
[Date "1995.??.??"]
[Round "5"]
[White "Loginov, Valery A"]
[Black "Kranzl, Peter"]
[Result "1-0"]
[WhiteElo "2525"]
[BlackElo "2245"]

1.Nf3 Nf6 2.g3 g6 3.c4 Bg7 4.Bg2 O-O 5.d4 d6 6.O-O c6 7.Nc3 Qa5 8.h3 Qa6
9.b3 b5 10.cxb5 cxb5 11.a4 b4 12.Nb5 Qb6 13.Ne5 d5 14.Bf4 Bb7 15.Rc1 Na6
16.Qd2 Rfc8 17.h4 Ne8 18.Bh3 e6 19.Bh6 Rxc1 20.Rxc1 Rd8 21.Bxg7 Kxg7 22.h5 f6
23.h6+ Kg8 24.a5 Qxb5 25.Bxe6+  1-0

[Event "Vienna op"]
[Site "Vienna"]
[Date "1995.??.??"]
[Round "6"]
[White "Loginov, Vladimir"]
[Black "Tolnai, Tibor"]
[Result "1-0"]
[WhiteElo "2525"]
[BlackElo "2455"]

1.Nf3 Nf6 2.g3 g6 3.c4 Bg7 4.Bg2 O-O 5.d4 d6 6.O-O c6 7.Nc3 Qa5 8.e4 Bg4
9.h3 Bxf3 10.Bxf3 Nfd7 11.Rb1 c5 12.d5 a6 13.Be2 Nf6 14.a4 Nbd7 15.Kh2 Qc7
16.f4 e6 17.Bd3 exd5 18.exd5 Rfe8 19.Bd2 Nf8 20.Qc2 N6d7 21.g4 Bd4 22.Rbe1 Nf6
23.Re2 Rxe2+ 24.Nxe2 Re8 25.Nxd4 cxd4 26.Re1 Qd8 27.g5 Rxe1 28.Bxe1 Nh5 29.Qf2 h6
30.Qxd4 hxg5 31.Bc3 f5 32.Bxf5 Kf7 33.Be6+ Nxe6 34.dxe6+ Kxe6 35.Qd5+ Kd7
36.Qxb7+ Ke8 37.Qe4+ Kd7 38.f5 Qb6 39.Bd4 Qb3 40.Bc3 Qb6 41.Qf3 Qb3 42.Qf2 Nf4
43.fxg6 Qxc4 44.g7 Ke8 45.h4 Kf7 46.hxg5 Kg8 47.Qf3 d5 48.Qe3 Qxa4 49.Bd2  1-0